Estudios Latinoamericanos sobre cultura y transformaciones sociales en tiempos de globalización /
Furkejuvvon:
| Váldodahkki: | |
|---|---|
| Searvvušdahkki: | |
| Eará dahkkit: | |
| Materiálatiipa: | Texto |
| Almmustuhtton: |
Buenos Aires:
CLACSO
|
| Fáddágilkorat: |
Lasit fáddágilkoriid
Eai fáddágilkorat, Lasit vuosttaš fáddágilkora!
|
MARC
| LEADER | 00000 a a2200000 04500 | ||
|---|---|---|---|
| 001 | 26399 | ||
| 003 | |||
| 040 | |||
| 020 | |a 950-9231-62-2 | ||
| 090 | |a 148403 | ||
| 100 | |a Mato, Daniel | ||
| 110 | |a CLACSO | ||
| 245 | |a Estudios Latinoamericanos sobre cultura y transformaciones sociales en tiempos de globalización / |c Daniel Mato | ||
| 260 | |a Buenos Aires: |b CLACSO | ||
| 300 | |a 221 p. | ||
| 500 | |a Disponible tambien en Cd, en No. 194106 | ||
| 700 | |a comp | ||
| 999 | |c 7324 |d 7324 | ||



